02044nam a2200445 u 450000100070000000500170000700800410002403500110006503500210007604000130009704100080011008000070011810000510012524501160017626000230029230000180031552001310033365000330046465000360049765000890053365000380062265000320066065000380069265000270073065000220075765000350077965000300081465000460084465000390089065000290092970000500095870000450100870000510105370000550110470000550115970000440121478701830125899900190144195201380146036157020260506082745.0990325s1998 spa  a361570 a(OCoLC)777753018 ccomduadb aspa aWA10aAvila Benavides, Pedro Lucio4auteaut932481710aDiagnostico georreferenciado de la situacion de salud corregimiento San Sebastian de Palmitas Medellin 1998 v.2 aMedellín,c1998. a137 páginas3 aConvenio interadministrativo Facultad Nacional de Saludf Publica y Secretaria General de Seguridad Social en Salud de Medellin 7aOferta y demanda2lemb91997 7aServicios de salud2lemb936414 aCorregimiento San Sebastián de Palmitas - Medellín (Antioquia, Colombia)9178540 0aAspectos socioeconómicos963204 aAspectos ambientales957761 7aIndicadores de salud2lemb916359 7aMortalidad2lemb96283 aMorbilidad921749 7aSeguridad social2embne935032 7aDiagnóstico2dcs944210 aPrestación de servicios de salud916795 aPlanificación de la salud910176 aAcceso a la salud97294210aMuñoz Molina, Juan Rafael4auteaut950693110aOrtiz Pabon, Rosa Mery4auteaut929059010aOrtiz Uribe, Beatriz Eugenia4thseths931919710aRodríguez Ospina, Fabio León4thseths928637310aAgudelo García, Héctor Byron4thseths928409010aGrisales Romero, Hugo4thseths928370708iTítulo de la tesistInforme de practica (Gerencia en Sistemas de Informacion en Salud). Universidad de Antioquia. Facultad Nacional de Salud Publica "Hector Abad Gomez"w360720 c108878d108878 001040708SEMIACTIV2aBSPbBSPd1999-03-25iC435968l0oWA100 D5-98 v2 e1p61000002337117r2023-04-22 00:00:00t1w2023-04-22yBOOK